000 01879nam0a2200397 4500
001 RU\NLR\bibl\1739904
005 20250616112310.0
010 _a978-5-94201-602-9
_9500
021 _aRU
_b2011-6567
_9456
035 _a(nilc)LIBNET\0000097498
035 _a(NLR Aleph) 001730827
090 _a1398449
_c1398449
100 _a20110118d2010 |||y0rusy50 ca
101 0 _arus
102 _aRU
105 _aac z |||||
200 1 _aИзбранные труды
_fЮ. М. Ткачевский
_g[сост. А. В. Пашковской
_gвступ. ст. В. С. Комиссарова, Н.Е. Крыловой]
_gАссоц. Юрид. центр
210 _aСанкт-Петербург
_cЮридический центр-Пресс
_d2010
215 _a595 с., [2] л. ил., портр.
_d22
225 1 _aАнтология юридической науки
_fредкол.: И.В. Елисеев (отв. ред.), И.Ю. Козлихин (отв. ред.) [и др.]
300 _aВ предисл. авт.: Ткачевский Ю. М. - д-р юрид. наук, проф.
300 _a90-летию Ю. М. Ткачевского посвящ.
320 _aБиблиогр. в подстроч. примеч.
606 1 _aУголовное право
_yСССР
_91116296
_3RU\NLR\auth\66441615
606 1 _aУголовно-исполнительное право
_91199214
_3RU\NLR\auth\66485147
686 _a67.409
_vLBC/M
_2rubbk
686 _aХ628.1я44
686 _aХ628.4я44
700 1 _aТкачевский
_bЮ. М.
_f1920-
_gЮрий Матвеевич
_4070
702 1 _aПашковская
_bА. В.
_4220
801 0 _aRU
_bМурманская ГОУНБ
_c20110118
_grcr
801 1 _aRU
_bМурманская ГОУНБ
_c20110118
_grcr
_2rusmarc
801 2 _aRU
_bNLR
_c20110224
_grcr
942 _cBOOK
980 _aNB